000 00537nam a2200169 i 4500
001 46746
003 ES-MaACL
005 20230906161436.0
007 t|
008 030331s1919 xxu ||||1| spa d
100 1 _aConkling, Alfred R.
_940193
245 1 3 _aEl gobierno municipal /
_cpor Alfred R. Conkling ; traducido al espaƱol por Francisco Carrera y Justiz.
260 _aNew York :
_bD. Appleton and Company,
_c1919.
300 _a244 p. ;
_c19 cm.
700 1 _aCarrera y Justiz, Francisco.
_935647
852 _aES-MaACL
_jF-10097
999 _c46746
_d46746